[Event "LIB-chT"]
[Site "Beirut"]
[Date "2025.01.17"]
[Round "9.4"]
[White "Nassar, Marwan"]
[Black "Hawshar, Mohamad"]
[Result "1-0"]
[WhiteElo "2020"]
[BlackElo "1517"]
[PlyCount "85"]
[EventDate "2025.01.09"]
[EventType "team-tourn"]
[EventRounds "9"]
[EventCountry "LBN"]
[SourceTitle "CB12_2025"]
[SourceDate "2025.03.19"]
[SourceVersion "1"]
[SourceVersionDate "2025.03.19"]
[SourceQuality "1"]
[WhiteTeam "Ansar"]
[BlackTeam "Al Wifak"]
[WhiteTeamCountry "LBN"]
[BlackTeamCountry "LBN"]

1. e4 e5 2. Nf3 Nc6 3. Bb5 a6 4. Ba4 b5 5. Bb3 Nf6 6. d3 d6 7. c3 Be7 8. 0-0 0-0 9. Re1 Na5 10. Bc2 c5 11. Nbd2 Bb7 12. Nf1 Re8 13. Ng3 g6 14. Bg5 Bf8 15. Qd2 Bg7 16. a4 Nc6 17. h3 b4 18. Bh6 Bc8 19. Bxg7 Kxg7 20. Rad1 Be6 21. Ng5 Ba2 22. f4 Qa5 23. Rf1 h6 24. fxe5 dxe5 25. Nf3 b3 26. Bb1 Qxa4 27. Nh4 Ne7 28. Qf2 Qc6 29. Bxa2 bxa2 30. Ra1 Red8 31. Qf3 Qb6 32. Kh1 Rd6 33. Rxa2 Rad8 34. Qe2 Rxd3 35. Nf3 Qd6 36. Kh2 Nh5 37. Nxh5+ gxh5 38. Nh4 Ng6 39. Nf5+ Kh7 40. Nxd6 R8xd6 41. Qxh5 Rd7 42. Rxa6 Rd2 43. Rxf7+ 1-0